Cuentos fantásticos argentinos /
Guardado en:
| Autor Principal: | |
|---|---|
| Formato: | Libro |
| Publicado: |
Buenos Aires :
Emecé,
1970
|
| Materias: | |
| Etiquetas: |
Agregar Etiqueta
Sin Etiquetas, Sea el primero en etiquetar este registro!
|
| LEADER | 01494nam a22002295a 4500 | ||
|---|---|---|---|
| 001 | CEM.cems001894 | ||
| 008 | 130507s1970##################000#0#####d | ||
| 005 | 20251118100714.0 | ||
| 245 | 1 | 0 | |a Cuentos fantásticos argentinos / |c Selección de Nicolás Cócaro |
| 260 | |a Buenos Aires : |b Emecé, |c 1970 | ||
| 300 | |a 226 p. | ||
| 505 | 0 | |a La corriente literaria fantástica en la Argentina -- Dos veces el mismo rostro / Visente Barbieri -- El experimento de Varinsky / Santiago Dabove -- La lluvia de fuego / Leopoldo Lugones -- Más allá / Horacio Quiroga -- El fantasma / Enrique Anderson Imbert -- En memoria de Paulina / Adolfo Bioy Casares -- Las ruinas circulares / Jorge Luis Borges -- Un cuento de duendes / Leonardo Castellani -- La confesión de Pelino Viera / Guillermo Enrique Hudson -- Casa tomada / Julio Cortázar -- El telélefono / Augusto Mario Delfino -- La galera / Manuel Mujica Laínez -- Anagnórisis / Alberto Girri -- El coronel de caballería / H. A. Murena -- El cuervo del arca / Conrado Nalé Roxlo -- La red / Silvina Ocampo -- Pudo haberme ocurrido / Manuel Peyrou | |
| 100 | 1 | |a Cócaro, Nicolás | |
| 082 | 0 | 4 | |a A868 |
| 653 | |a Literatura | ||
| 653 | |a Literatura argentina | ||
| 653 | |a Cuentos | ||
| 653 | |a Cuento argentino | ||
| 653 | |a Cuento fantástico | ||
| 859 | |a CEMS |b BIB. CEMS - 11 de abril |h A868.4 |i C64 |p 1923.74 |t Ej.1 | ||
| 859 | |a CEMS |b BIB. CEMS - 11 de abril |h A868.4 |i C64 |p 3260.74 |t Ej.3 | ||
| 859 | |a CEMS |b BIB. CEMS - 11 de abril |h A868.4 |i C64 |p 3261.74 |t Ej.4 | ||
